[Event "Iki Burul Dawn"]
[Site "Iki Burul"]
[Date "2009.06.24"]
[Round "3"]
[White "Khudinov, Mergen"]
[Black "Talkhigov, Aub"]
[Result "1/2-1/2"]
[WhiteElo "1996"]
[BlackElo "1968"]
[PlyCount "79"]
[EventDate "2009.06.24"]
[EventType "tourn"]
[EventRounds "9"]
[EventCountry "RUS"]
[SourceTitle "EXT 2022"]
[Source "ChessBase"]
[SourceDate "2021.10.06"]
[SourceVersion "1"]
[SourceVersionDate "2021.10.06"]
[SourceQuality "1"]

1. e4 c5 2. Nf3 Nc6 3. d4 cxd4 4. Nxd4 g6 5. Nc3 Bg7 6. Be3 Nf6 7. Bc4 Qa5 8. 0-0 0-0 9. h3 Qb4 10. Bb3 Nxe4 11. Nd5 Qa5 12. Nxc6 dxc6 13. Nxe7+ Kh8 14. Nxc8 Raxc8 15. c3 Rcd8 16. Qe2 Nc5 17. Bc2 Na4 18. Rab1 b6 19. Rfd1 Qb5 20. Qxb5 cxb5 21. Bd3 Kg8 22. Kf1 Rd5 23. Ke2 Rfd8 24. Bf4 Bxc3 25. Bxb5 Nxb2 26. Rxd5 Rxd5 27. Bc6 Rc5 28. Be4 f5 29. Bb7 Na4 30. Kf3 Bf6 31. Rb4 Nc3 32. Rb3 Nd5 33. Be3 Nxe3 34. Rxe3 Kg7 35. Rd3 Rc2 36. a3 Rc7 37. Ba6 Re7 38. Bb5 Be5 39. Rd7 Rxd7 40. Bxd7 1/2-1/2